| Tag |
First Indicator |
Second Indicator |
Subfields |
| LEADER |
00000nam a22000008i 4500 |
| 001 |
in00005695607 |
| 005 |
20260316123512.5 |
| 006 |
m o d |
| 007 |
cr ||||||||||| |
| 008 |
260126s2026 gw o 000 0 eng d |
| 035 |
|
|
|a wil6005422
|
| 035 |
|
|
|a (NhCcYBP)wil6005422
|
| 040 |
|
|
|a NhCcYBP
|b eng
|e rda
|c NhCcYBP
|
| 020 |
|
|
|a 9783527849550
|q ePub ebook
|
| 020 |
|
|
|a 3527849556
|
| 020 |
|
|
|a 3527849572
|
| 020 |
|
|
|a 9783527849574
|
| 020 |
|
|
|a 3527849564
|
| 020 |
|
|
|a 9783527849567
|
| 024 |
7 |
|
|a 10.1002/9783527849574
|2 doi
|
| 024 |
8 |
|
|a CIPO000343986
|
| 050 |
|
4 |
|a TS155.7
|
| 082 |
0 |
4 |
|a 670
|2 23
|
| 100 |
1 |
|
|a Van Steen, E.
|q (Eric),
|e author.
|1 https://id.oclc.org/worldcat/entity/E39PCjGgDqJ74hWpgJ4yftrhd3
|1 https://isni.org/isni/0000000117529638
|
| 245 |
1 |
0 |
|a Renewable energy in the process industry /
|c Eric van Steen, Nicholas S. Featherstone, Linda H. Callanan.
|
| 264 |
|
1 |
|a Weinheim :
|b Wiley-VCH,
|c 2026.
|
| 300 |
|
|
|a 1 online resource (608 pages)
|
| 336 |
|
|
|a text
|b txt
|2 rdacontent
|
| 337 |
|
|
|a computer
|b c
|2 rdamedia
|
| 338 |
|
|
|a online resource
|b cr
|2 rdacarrier
|
| 588 |
|
|
|a Description based on CIP data; resource not viewed.
|
| 520 |
|
|
|a Thorough discussion on renewable energies and their implementation into the process industry, emphasizing efficiency and demand of industrial processes Renewable Energy in the Process Industry provides an overview of the challenges associated with the generation and storage of renewable energy, moving from a broad perspective to a zoomed-in look.
|
| 650 |
|
0 |
|a Manufacturing processes
|x Environmental aspects.
|
| 650 |
|
0 |
|a Renewable energy sources.
|
| 650 |
|
0 |
|a Sustainable engineering.
|
| 700 |
1 |
|
|a Featherstone, Nicholas S.,
|e author.
|
| 700 |
1 |
|
|a Callanan, L. H.
|q (Linda H.),
|e author.
|1 https://id.oclc.org/worldcat/entity/E39PCjC97wG3GvMrw37V3QGVhb
|1 https://isni.org/isni/0000000117115371
|
| 776 |
0 |
8 |
|i Print version :
|z 9783527354467
|
| 776 |
0 |
8 |
|z 3527354468
|
| 856 |
4 |
0 |
|u http://proxy.library.tamu.edu/login?url=https://onlinelibrary.wiley.com/book/10.1002/9783527849574
|z Connect to the full text of this electronic book
|t 0
|
| 955 |
|
|
|a Wiley EBA record
|
| 975 |
|
|
|p Wiley UBCM Full Collection
|
| 976 |
|
|
|a 6005422
|
| 999 |
f |
f |
|i 83df2f08-e220-4f2c-9890-bffe6fe35f3a
|s 282ca518-76f7-4399-8342-a448c4e51a0d
|t 0
|
| 952 |
f |
f |
|a Texas A&M University
|b College Station
|c Electronic Resources
|s evans_pda
|d Available Online
|t 0
|e TS155.7
|h Library of Congress classification
|
| 998 |
f |
f |
|a TS155.7
|t 0
|l Available Online
|